000
00216nam a22000857a 4500
008
170620b xxu||||| |||| 00| 0 eng d
100
_9
3576
_a
Achaya. K. T
245
_a
Your food and you
260
_a
New delhi
_b
N. B. T
_c
2006
999
_c
6962
_d
6962